Memòria ... / Caixa d'Estalvis de Catalunya
Descripción Física:
v. ; 24 cm
Materias:
Caixa Catalunya -- Memòries
MARC
| LEADER | 00000nam a2200000Ia 4500 | ||
|---|---|---|---|
| 001 | 22287 | ||
| 008 | 160829s1978 - 1990 xx 000 0 cat d | ||
| 080 | |a M-6-309 | ||
| 100 | |a Caixa Catalunya | ||
| 245 | |a Memòria ... / Caixa d'Estalvis de Catalunya | ||
| 260 | |a Barcelona : |b [l'Entitat], |c 1978 - 1990 | ||
| 300 | |a v. ; |c 24 cm | ||
| 590 | |a Anual. | ||
| 590 | |a Continuació de: Memoria. | ||
| 590 | |a Continuada per: Informe anual. | ||
| 590 | |a L'any 1981 prové de C-10 | ||
| 650 | |a Caixa Catalunya |x Memòries |9 39609 | ||
| 710 | 1 | |a Barcelona (Catalunya : Província). |b Diputació |9 52408 | |
| 866 | |a 1981 | ||
| 901 | |a Arxiu | ||
| 942 | |n 1 | ||
| 952 | |0 0 |1 0 |4 0 |6 M6309 |7 1 |9 54176 |a Arxiu |b Arxiu |d 2016-12-01 |l 0 |o M-6-309 |p 22287 |r 2016-12-01 00:00:00 |w 2016-12-01 |y ARXIU | ||
| 999 | |c 58045 |d 58045 | ||